Marriage, love, caste and kinship support: (Record no. 150912)

MARC details
000 -LEADER
fixed length control field 00653nam a22002057a 4500
005 - DATE AND TIME OF LATEST TRANSACTION
control field 20180419095130.0
010 ## - LCCN (DPL NO)
LC control number ENG-122528
020 ## - INTERNATIONAL STANDARD BOOK NUMBER
International Standard Book Number 9789383166206
Terms of availability 595.00
035 ## - SYSTEM CONTROL NUMBER
System control number EN-106060
037 ## - SOURCE OF ACQUISITION
Source of stock number/acquisition DBAD/PUB.
082 ## - DEWEY DECIMAL CLASSIFICATION NUMBER
Classification number 306.850954
100 ## - MAIN ENTRY--PERSONAL NAME
Personal name Grover, Shalini
245 ## - TITLE STATEMENT
Title Marriage, love, caste and kinship support:
Statement of responsibility, etc by Shalini Grover
Remainder of title lived experiences of the Urban Poor in india /
250 ## - EDITION STATEMENT
Edition statement Revised Edn.
260 ## - PUBLICATION, DISTRIBUTION, ETC. (IMPRINT)
Place of publication, distribution, etc New Delhi
Name of publisher, distributor, etc Social Science Press
Date of publication, distribution, etc 2017
270 ## - ADDRESS
Address 69, Jor Bagh,
City New Delhi
Postal code 110003
300 ## - PHYSICAL DESCRIPTION
Extent 236p.
Other physical details ill.
Dimensions 22cm.(Hb)
500 ## - GENERAL NOTE
General note Includes index
942 ## - ADDED ENTRY ELEMENTS (KOHA)
Source of classification or shelving scheme Dewey Decimal Classification
Item type English Books
Call number suffix GRO
Classification part 306.850954
Holdings
Withdrawn status Lost status Not for loan Collection code Home library Current library Date acquired Source of acquisition Cost, normal purchase price Full call number Barcode Copy number Cost, replacement price Koha item type
    Not For Loan Non-fiction D.B.Act.Division Sarojini Nagar 10/04/2018 DBAD/PUB 595.00 306.850954 GRO EN-106060 1 595.00 English Books

© Delhi Public Library
Hit Counter
free hit counter